MARC details
| 000 -CABECERA |
| campo de control de longitud fija |
01590nam a2200301 a 4500 |
| 001 - NÚMERO DE CONTROL |
| campo de control |
000000676 |
| 003 - IDENTIFICADOR DEL NÚMERO DE CONTROL |
| campo de control |
DO-SdBNP |
| 005 - FECHA Y HORA DE LA ÚLTIMA TRANSACCIÓN |
| campo de control |
20260305073956.0 |
| 008 - DATOS DE LONGITUD FIJA--INFORMACIÓN GENERAL |
| campo de control de longitud fija |
090422s2000 dr 000 0 spa d |
| 040 ## - FUENTE DE LA CATALOGACIÓN |
| Centro catalogador/agencia de origen |
DO-SdBNP |
| Lengua de catalogación |
spa |
| Centro/agencia transcriptor |
BNPHU |
| 082 #4 - NÚMERO DE LA CLASIFICACIÓN DECIMAL DEWEY |
| Número de clasificación |
327.06 |
| Número de documento/Ítem |
C969m |
| Número de edición |
22 |
| 111 2# - ENTRADA PRINCIPAL--NOMBRE DE CONGRESO/REUNIÓN |
| Nombre de congreso/reunión o jurisdicción como elemento de entrada |
Cumbre de Jefes de Estado y de Gobierno de los Países de África, Caribe y Pacífico |
| Número del congreso/reunión o número de parte o sección |
(2a. : |
| Fecha del congreso/reunión |
1999 : |
| Sede del congreso/Lugar de la reunión |
República Dominicana) |
| 9 (RLIN) |
2270 |
| 245 10 - MENCIÓN DE TÍTULO |
| Título |
Memoria. |
| 260 ## - PUBLICACIÓN, DISTRIBUCIÓN, ETC. |
| Lugar de publicación, distribución, etc. |
Santo Domingo : |
| Nombre del editor, distribuidor, etc. |
Secretaría de Estado de Relaciones Exteriores, |
| Fecha de publicación, distribución, etc. |
2000. |
| 300 ## - DESCRIPCIÓN FÍSICA |
| Extensión |
226 p. ; |
| Dimensiones |
23 cm. |
| 500 ## - NOTA GENERAL |
| Nota general |
Incluye información general sobre los países miembros del Grupo África, Caribe, Pacífico. |
| 505 2# - NOTA DE CONTENIDO CON FORMATO |
| Título |
Mensaje de bienvenida. |
| -- |
Presidente de la República Dominicana / |
| Mención de responsabilidad |
Dr. Leonel Fernández |
| Título |
Presentación. |
| -- |
Secretario de Estado de Relaciones Exteriores / |
| Mención de responsabilidad |
Dr. Eduardo Latorre |
| Título |
Palabras del Dr. Eduardo Latorre. Secretario de Estado de Relaciones Exteriores -- |
| -- |
¿Qué es la Secretaría General de los países de África, Caribe y Pacífico (Grupo ACP)? -- |
| 590 ## - NOTA LOCAL (RLIN) |
| Nota local |
Inventariado, 2018/BT |
| 650 #4 - PUNTO DE ACCESO ADICIONAL DE MATERIA--TÉRMINO DE MATERIA |
| Término de materia o nombre geográfico como elemento de entrada |
Integración económica internacional |
| 9 (RLIN) |
2271 |
| Subdivisión de forma |
Ensayos, conferencias, etc. |
| 650 #4 - PUNTO DE ACCESO ADICIONAL DE MATERIA--TÉRMINO DE MATERIA |
| Término de materia o nombre geográfico como elemento de entrada |
Jefes de estado |
| Subdivisión de forma |
Ensayos, conferencias, etc. |
| 9 (RLIN) |
85349 |
| 650 #4 - PUNTO DE ACCESO ADICIONAL DE MATERIA--TÉRMINO DE MATERIA |
| Término de materia o nombre geográfico como elemento de entrada |
Globalización |
| 9 (RLIN) |
2272 |
| Subdivisión de forma |
Ensayos, conferencias, etc. |
| 650 #4 - PUNTO DE ACCESO ADICIONAL DE MATERIA--TÉRMINO DE MATERIA |
| Término de materia o nombre geográfico como elemento de entrada |
Presidentes |
| 9 (RLIN) |
2273 |
| 651 ## - PUNTO DE ACCESO ADICIONAL DE MATERIA--NOMBRE GEOGRÁFICO |
| Subdivisión de forma |
Ensayos, conferencias, etc. |
| 9 (RLIN) |
85350 |
| 700 1# - PUNTO DE ACCESO ADICIONAL--NOMBRE DE PERSONA |
| Nombre de persona |
Fernández, Leonel, |
| Fechas asociadas al nombre |
1953- |
| 9 (RLIN) |
7291 |
| 710 1# - PUNTO DE ACCESO ADICIONAL--NOMBRE DE ENTIDAD CORPORATIVA |
| Nombre de entidad corporativa o nombre de jurisdicción como elemento de entrada |
República Dominicana. |
| Unidad subordinada |
Secretaría de Estado de Relaciones Exteriores. |
| 9 (RLIN) |
2256 |
| 910 ## - DATOS DE OPCIÓN DEL USUARIO (OCLC) |
| Datos de opción del usuario |
Validado. Control de calidad. MMOLINA |
| 942 ## - ELEMENTOS DE PUNTO DE ACCESO ADICIONAL (KOHA) |
| Fuente del sistema de clasificación o colocación |
Dewey Decimal Classification |
| Tipo de ítem Koha |
Libro |